Apex Legends - Guess the legend by their voice lines! - Statistics

General Stats
  • This quiz has been taken 59 times
  • The average score is 4 of 15
Answer Stats
Hint Answer % Correct
"I could do this all day" Octane
68%
"Tell death i said hello" Wraith
49%
"Come at the queen, best not miss" Mad Maggie
41%
"A match like this is much more than shooting a gun" Wraith
41%
"It's not just about having it, it's about taking it" Loba
32%
"When i clock in, i make sure we win" Newcastle
27%
"Want advice? Stay out of my way" Lifeline
24%
"This was a match made in heaven, well maybe not for you" Loba
24%
"A fight is like blood in the water for a shark like me" Mad Maggie
22%
"To you, it's a gauntlet. To me, it's home and I'll defend it to the end" Wattson
22%
"You think yourself skilled, your ignorance meets your end" Bloodhound
19%
"Studying past combatants has served me well" Wattson
16%
"Champion, challenger, means little if you die" Lifeline
14%
"Trust yourself, there is no shame in competition" Bloodhound
11%
"The best move isn't always the easiest, but I'll get it done" Newcastle
8%
No matching quizzes found
Score Distribution
Percent of People with Each Score
Percentile by Number Answered
Your Score History
You have not taken this quiz